XII Jornadas Iberoamericanas de Derecho Procesal (Record no. 10609)

MARC details
000 -LEADER
campo de control de longitud fija 00856nam a22002415i 4500
001 - NÚMERO DE CONTROL
campo de control 10609
003 - IDENTIFICADOR DE NÚMERO DE CONTROL
campo de control ES-MaACL
005 - FECHA Y HORA DE LA ÚLTIMA TRANSACCIÓN
campo de control 20250811071518.0
007 - CAMPO FIJO DE DESCRIPCIÓN FÍSICA--INFORMACIÓN GENERAL
campo de control de longitud fija t|
008 - DATOS DE LONGITUD FIJA--INFORMACIÓN GENERAL
campo de control de longitud fija 920114s1990 sp ||||0| spa j
020 ## - NÚMERO INTERNACIONAL ESTÁNDAR DEL LIBRO
Número Internacional Estándar del Libro 84-7787-210-4
040 ## - FUENTE DE CATALOGACIÓN
Centro catalogador/agencia de origen M-BN
Lengua de catalogación spa
Centro/agencia transcriptor M-BN
080 ## - NÚMERO DE LA CLASIFICACIÓN DECIMAL UNIVERSAL
Número de la Clasificación Decimal Universal 347.9(8=6)(063)
111 2# - ENTRADA PRINCIPAL--NOMBRE DE CONGRESO/REUNIÓN
Nombre de congreso/reunión o jurisdicción como elemento de entrada Jornadas Iberoamericanas de Derecho Procesal (
Número del congreso/reunión o número de parte o sección 12ª.
Fecha del congreso o de la firma del tratado 1990.
Sede del congreso/Lugar de la reunión Mérida)
9 (RLIN) 828
245 10 - MENCIÓN DEL TÍTULO
Título XII Jornadas Iberoamericanas de Derecho Procesal
Resto del título : Mérida, 5 a 11 de mayo de 1990.
260 ## - PUBLICACIÓN, DISTRIBUCIÓN, ETC.
Lugar de publicación, distribución, etc. Madrid :
Nombre del editor, distribuidor, etc. Ministerio de Justicia, Centro de Publicaciones,
Fecha de publicación, distribución, etc. 1990.
300 ## - DESCRIPCIÓN FÍSICA
Extensión 2 v ;
Dimensiones 21 cm.
504 ## - NOTA DE BIBLIOGRAFÍA, ETC.
Nota de bibliografía, etc. Bibliografía.
650 14 - PUNTO DE ACCESO ADICIONAL DE MATERIA--TÉRMINO DE MATERIA
Término de materia o nombre geográfico como elemento de entrada Derecho procesal-
Subdivisión geográfica América latina-
Subdivisión de forma Congresos y asambleas.
9 (RLIN) 11761
710 1# - ENTRADA AGREGADA--NOMBRE DE ENTIDAD CORPORATIVA
Nombre de entidad corporativa o nombre de jurisdicción como elemento de entrada España.
Unidad subordinada Ministerio de Justicia
9 (RLIN) 3895
852 ## - LOCALIZACIÓN
Ubicación ES-MaACL
Número de control de estantería L-17974-5
Sublocalización o colección R.122958
Holdings
Estatus retirado Estado de pérdida Estado de daño No para préstamo Biblioteca de origen Biblioteca actual Ubicación en estantería Fecha de adquisición Fuente de adquisición Total de préstamos Signatura topográfica completa Código de barras Visto por última vez Precio de reemplazo Tipo de ítem Koha
        Biblioteca del Ateneo de Madrid Biblioteca del Ateneo de Madrid Depósito 2 17/01/2008     L-17974-5 1010821 23/02/2023 23/02/2023 Libro impreso